ბათუმის შოთა რუსთაველის სახელმწიფო უნივერსიტეტის ბიბლიოთეკა

Einführung in die Pädagogik bei Blindheit und Sehbeeinträchtigung / (ბიბ.ჩანაწერი № 58068)

000 -LEADER
fixed length control field 00809nam a22002057a 4500
005 - DATE AND TIME OF LATEST TRANSACTION
control field 20210607131057.0
008 - FIXED-LENGTH DATA ELEMENTS--GENERAL INFORMATION
fixed length control field 210607s2014 gw ||||| |||| 00| 0 ger d
020 ## - INTERNATIONAL STANDARD BOOK NUMBER
International Standard Book Number 9783825239299
041 ## - LANGUAGE CODE
Language code of text/sound track or separate title ger
080 ## - UNIVERSAL DECIMAL CLASSIFICATION NUMBER
Universal Decimal Classification number 376.2+37 W-18
100 ## - MAIN ENTRY--PERSONAL NAME
Personal name Walthes, Renate
9 (RLIN) 11967
245 ## - TITLE STATEMENT
Title Einführung in die Pädagogik bei Blindheit und Sehbeeinträchtigung /
Remainder of title
Statement of responsibility, etc. Renate Walthes.
250 ## - EDITION STATEMENT
Edition statement 3 edition
264 ## - PRODUCTION, PUBLICATION, DISTRIBUTION, MANUFACTURE, AND COPYRIGHT NOTICE
Place of production, publication, distribution, manufacture Munchen,
Date of production, publication, distribution, manufacture, or copyright notice 2014.
300 ## - PHYSICAL DESCRIPTION
Extent 256 p.
Other physical details 22 cm.
521 ## - TARGET AUDIENCE NOTE
Target audience note Mit 31 Abbildungen, 11 Tabellen und 22 Ubungsaufgaben /
653 ## - INDEX TERM--UNCONTROLLED
keyword სიბრმავისა და მხედველობის დაქვეითების პედაგოგიკა
653 ## - INDEX TERM--UNCONTROLLED
keyword Введение в педагогику слепоты и нарушений зрения
942 ## - ADDED ENTRY ELEMENTS (KOHA)
Source of classification or shelving scheme
Koha item type წიგნი
ეგზემპლარები
Withdrawn status Lost status Source of classification or shelving scheme Damaged status Not for loan Permanent Location Current Location Shelving location Date acquired Cost, normal purchase price Full call number Barcode Date last seen Copy number Price effective from Koha item type Public note
          ბათუმის შოთა რუსთაველის სახელმწიფო უნივერსიტეტის მთავარი ბიბლიოთეკა ბათუმის შოთა რუსთაველის სახელმწიფო უნივერსიტეტის მთავარი ბიბლიოთეკა წიგნსაცავი 2021-06-07 212.00 376.2+37 W-18 61356 2021-06-07 61356 2021-06-07 წიგნი 212 ლ.